000
00217 a2200097 4500
001
57998
100
_a
245
_a
Mathematical methods
260
_a
Hyderabad
_b
B S P BS Publications
_c
2005
090
_c
35513
_d
35513
942
_a
NUST-CAE
_c
_c
28351
999
_c
293071
_d
293071